000 00417nam a22001577a 4500
003 SGT
020 _a9789385999321
082 _a611.0183
_bI16V
100 _a Vasudeva, Neelam
245 _aInderbir Singh’s Textbook of Human Histology With Colour Atlas and Practical Guide
250 _a8TH
260 _aNEW DELHI
_bJAYPEE PUBLISHER
_c2016
300 _a302
650 _aHuman Histology
942 _2ddc
_cBK
_07
999 _c15610
_d15610